000 00729nam a2200217 i 4500
001 36223
003 ES-MaACL
005 20230906155328.0
007 t|
008 030217s1973 sp ||||1| spa d
100 1 _aBriggs, Asa.
_931719
245 1 3 _aEl siglo XIX
_b: las contradicciones del progreso /
_cdirigida por Asa Briggs ; [traducción: José Mª Balil Giró... (et al.)].
250 _a[1ª ed.].
260 _aBarcelona, etc. :
_bLabor,
_c[1973]
300 _a360 p., 81 lám. :
_bil. ;
_c35 cm.
490 1 _aHistoria de las civilizaciones
700 1 _aBalil Giró, José María.
_924940
830 0 _aHistoria de las civilizaciones
_9184084
852 _aES-MaACL
_jC-55398
_bR.87858
999 _c36223
_d36223